[Event "Tambov Korensky Memorial 27th"]
[Site "Tambov"]
[Date "2018.08.14"]
[Round "4"]
[White "Tikhonov, Viacheslav"]
[Black "Dikov, Alexander I"]
[Result "1-0"]
[WhiteElo "2045"]
[BlackElo "1921"]
[PlyCount "117"]
[EventDate "2018.08.11"]
[EventType "swiss"]
[EventRounds "9"]
[EventCountry "RUS"]
[SourceTitle "CBM 186 Extra"]
[Source "ChessBase"]
[SourceDate "2018.08.24"]
[SourceVersion "1"]
[SourceVersionDate "2018.08.24"]
[SourceQuality "1"]

1. d4 Nf6 2. c4 e6 3. Nc3 Bb4 4. e3 c5 5. Nge2 b6 6. a3 Ba5 7. Rb1 Qe7 8. Qa4 Na6 9. dxc5 Nxc5 10. Qd1 Bxc3+ 11. Nxc3 Bb7 12. f3 d5 13. cxd5 exd5 14. Bb5+ Ncd7 15. 0-0 0-0 16. Re1 Rfd8 17. Ne2 Nc5 18. Nd4 a6 19. Bf1 Rac8 20. b3 Qe5 21. Bb2 Qg5 22. Rc1 Re8 23. Qd2 Rcd8 24. b4 Ne6 25. Nxe6 fxe6 26. Qd4 Nd7 27. f4 Qf6 28. Rc7 Bc8 29. e4 Qxd4+ 30. Bxd4 dxe4 31. Bc4 b5 32. Bb3 Nf6 33. Bxf6 gxf6 34. Rxe4 Kh8 35. Kf2 f5 36. Re5 Rd3 37. Re3 Rd4 38. g3 h5 39. Ke2 h4 40. Rd3 Re4+ 41. Kf3 hxg3 42. hxg3 e5 43. Rd6 Rc4 44. Bxc4 e4+ 45. Ke3 bxc4 46. Rxc4 Rg8 47. Rh6+ Kg7 48. Rcc6 Rd8 49. Rhd6 Re8 50. a4 Kf8 51. b5 axb5 52. axb5 Ke7 53. Rh6 Rg8 54. Rh7+ Kd8 55. Rd6+ Ke8 56. Rc7 Rxg3+ 57. Ke2 Rf3 58. Rxc8+ Ke7 59. Rdc6 1-0

[Event "Tambov Region-ch"]
[Site "Tambov"]
[Date "2018.02.21"]
[Round "7"]
[White "Gurov, Ivan S"]
[Black "Dikov, Alexander I"]
[Result "0-1"]
[WhiteElo "2068"]
[BlackElo "1895"]
[PlyCount "124"]
[EventDate "2018.02.21"]
[EventType "swiss"]
[EventRounds "9"]
[EventCountry "RUS"]
[SourceTitle "CBM 183 Extra"]
[Source "ChessBase"]
[SourceDate "2018.04.19"]
[SourceVersion "1"]
[SourceVersionDate "2018.04.19"]
[SourceQuality "1"]

1. e4 e6 2. d4 d5 3. exd5 exd5 4. Bd3 Be6 5. Ne2 Qd7 6. 0-0 Nc6 7. c3 Bd6 8. b4 Nge7 9. Nd2 Bf5 10. Nf3 Bxd3 11. Qxd3 Qf5 12. Qb5 0-0 13. Ng3 Qc2 14. Bd2 a6 15. Qe2 Ng6 16. Rfc1 Qa4 17. Ng5 h6 18. Nh3 Rae8 19. Qh5 Nce7 20. Bxh6 gxh6 21. Qxh6 f6 22. f4 Rf7 23. f5 Rh7 24. Qe3 Nxf5 25. Qf3 Nxg3 26. Qxd5+ Rf7 27. hxg3 Qd7 28. Qh5 Kg7 29. Qf3 c6 30. Rf1 Qe6 31. a4 Qe3+ 32. Kh2 Qxf3 33. gxf3 Re3 34. Rac1 Nh4 35. f4 Re2+ 36. Rf2 Nf3+ 37. Kg2 Rxf2+ 38. Kxf2 Nd2 39. Ng1 Kg6 40. Rc2 Nc4 41. Ne2 Kf5 42. Kf3 Rg7 43. Rc1 Nd2+ 44. Ke3 Nc4+ 45. Kf3 Re7 46. Rh1 Re3+ 47. Kf2 Ke4 48. Ra1 Nb2 49. b5 Rf3+ 50. Kg2 Nc4 51. bxa6 bxa6 52. Ra2 Ne3+ 53. Kh3 Nd5 54. c4 Nxf4+ 55. Nxf4 Bxf4 56. d5 cxd5 57. cxd5 Rxg3+ 58. Kh4 Kxd5 59. Rb2 Ke5 60. Rb6 Kf5 61. Rxa6 Rg2 62. Ra5+ Be5 0-1

[Event "Tambov Korensky Memorial 24th"]
[Site "Tambov"]
[Date "2015.08.24"]
[Round "3"]
[White "Dikov, Alexander I"]
[Black "Geranichev, Mikhail"]
[Result "1/2-1/2"]
[WhiteElo "1960"]
[BlackElo "2033"]
[PlyCount "75"]
[EventDate "2015.08.22"]
[EventType "swiss"]
[EventRounds "9"]
[EventCountry "RUS"]
[SourceTitle "EXT 2016"]
[Source "ChessBase"]
[SourceDate "2015.10.08"]
[SourceVersion "1"]
[SourceVersionDate "2015.10.08"]
[SourceQuality "1"]

1. d4 Nf6 2. Nf3 g6 3. Bf4 d5 4. c4 Bg7 5. h3 0-0 6. e3 c5 7. Nc3 cxd4 8. Nxd4 Ne4 9. Bxb8 Nxc3 10. bxc3 Rxb8 11. Qb3 dxc4 12. Bxc4 Qc7 13. 0-0 e5 14. Nb5 Qb6 15. Rfd1 a6 16. Nd6 Qc7 17. a4 b6 18. Rab1 a5 19. e4 Qe7 20. Rd3 h5 21. Rbd1 g5 22. Nxc8 Rbxc8 23. Rd7 Qf6 24. R1d3 g4 25. hxg4 hxg4 26. g3 Qg6 27. Bd5 Bh6 28. Bb7 Rce8 29. R3d6 Re6 30. Rxe6 fxe6 31. Re7 Rxf2 32. Qxe6+ Qxe6 33. Rxe6 Be3 34. Bd5 Rf3+ 35. Kg2 Rf2+ 36. Kg1 Kg7 37. Kh1 Rf1+ 38. Kh2 1/2-1/2

[Event "Tambov Region-ch FL"]
[Site "Tambov"]
[Date "2014.10.24"]
[Round "3"]
[White "Shvadchenko, Grigory F"]
[Black "Dikov, Alexander I"]
[Result "1/2-1/2"]
[WhiteElo "1914"]
[BlackElo "1997"]
[PlyCount "98"]
[EventDate "2014.10.22"]
[EventType "tourn"]
[EventRounds "9"]
[EventCountry "RUS"]
[SourceTitle "EXT 2023"]
[Source "ChessBase"]
[SourceDate "2022.10.05"]
[SourceVersion "1"]
[SourceVersionDate "2022.10.05"]
[SourceQuality "1"]

1. e4 c5 2. Nf3 d6 3. d4 cxd4 4. Nxd4 Nf6 5. Nc3 a6 6. Be2 e6 7. Be3 Qc7 8. 0-0 b5 9. Bf3 Bb7 10. Qd3 Nbd7 11. Nb3 Be7 12. Bf4 0-0 13. Rfe1 Rfd8 14. Rad1 Ne5 15. Bxe5 dxe5 16. Qe2 b4 17. Nb1 a5 18. c4 a4 19. Nc1 Bc6 20. b3 h6 21. h3 Qb7 22. Rd3 Rd4 23. Rxd4 exd4 24. e5 Bxf3 25. gxf3 Nd7 26. Nd3 Ra5 27. Kg2 axb3 28. axb3 Qa7 29. Qe4 Ra2 30. Re2 Nc5 31. Nxc5 Bxc5 32. Qd3 Rxe2 33. Qxe2 Qe7 34. f4 Qh4 35. Qg4 Qd8 36. Nd2 Qa8+ 37. Qf3 Qa2 38. Qd3 Qb2 39. Kf3 Be7 40. Ne4 f5 41. exf6 gxf6 42. Nxf6+ Bxf6 43. Qg6+ Bg7 44. Qxe6+ Kf8 45. Qc8+ Ke7 46. Qb7+ Ke6 47. Qc6+ Kf7 48. Qd7+ Kg8 49. Qd5+ Kh8 1/2-1/2

[Event "Tambov Pavlyutin Memorial 3rd"]
[Site "Tambov"]
[Date "2013.05.18"]
[Round "7"]
[White "Uryupin, Igor Nikolaevich"]
[Black "Dikov, Alexander I"]
[Result "1-0"]
[WhiteElo "2282"]
[BlackElo "1962"]
[PlyCount "101"]
[EventDate "2013.05.15"]
[EventType "tourn"]
[EventRounds "9"]
[EventCountry "RUS"]
[SourceTitle "CBM 154 Extra"]
[Source "ChessBase"]
[SourceDate "2013.06.25"]
[SourceVersion "2"]
[SourceVersionDate "2013.06.25"]
[SourceQuality "1"]

1. Nf3 Nf6 2. c4 g6 3. g3 Bg7 4. Bg2 0-0 5. Nc3 Nc6 6. 0-0 d6 7. d3 e5 8. Rb1 h6 9. b4 Be6 10. b5 Ne7 11. Nd2 d5 12. cxd5 Nexd5 13. Na4 b6 14. Bb2 Nd7 15. Nc3 Nc5 16. Nc4 Nxc3 17. Bxc3 Bd5 18. Bb4 Bxg2 19. Kxg2 Re8 20. Bxc5 Qd5+ 21. e4 Qxc5 22. Ne3 c6 23. a4 cxb5 24. axb5 Red8 25. Nd5 Rxd5 26. exd5 Rd8 27. Qf3 Qxd5 28. Qxd5 Rxd5 29. Rb3 Bf8 30. Ra1 Rd7 31. Kf3 f5 32. Ke2 Bc5 33. Ra4 Kf7 34. Rb2 Ke6 35. Rba2 a5 36. bxa6 Ra7 37. f4 exf4 38. gxf4 Kd5 39. d4 b5 40. Ra5 Bxd4 41. Rxb5+ Kc6 42. Rb8 Re7+ 43. Kf3 Ra7 44. Rg8 g5 45. fxg5 hxg5 46. Rxg5 Rf7 47. Kf4 Kd5 48. Ra5+ Kc4 49. Rgxf5 Rh7 50. Kg4 Bg1 51. h4 1-0

[Event "Tambov First league"]
[Site "Tambov"]
[Date "2012.10.21"]
[Round "9"]
[White "Dikov, Alexander I"]
[Black "Lomakina, Galja"]
[Result "1/2-1/2"]
[WhiteElo "1934"]
[BlackElo "2053"]
[PlyCount "113"]
[EventDate "2012.10.17"]
[EventType "tourn"]
[EventRounds "9"]
[EventCountry "RUS"]
[SourceTitle "EXT 2022"]
[Source "ChessBase"]
[SourceDate "2021.10.06"]
[SourceVersion "1"]
[SourceVersionDate "2021.10.06"]
[SourceQuality "1"]

1. d4 g6 2. c4 Bg7 3. Nc3 d6 4. e4 c5 5. d5 Bxc3+ 6. bxc3 Qa5 7. Qb3 Nf6 8. Bd3 Nbd7 9. f4 a6 10. Nf3 b5 11. Nd2 Nb6 12. 0-0 0-0 13. cxb5 c4 14. Bxc4 Nxc4 15. Nxc4 Qxb5 16. Qxb5 axb5 17. Nd2 Ra4 18. Re1 Bd7 19. a3 Rc8 20. Bb2 h6 21. h3 g5 22. fxg5 hxg5 23. g4 Kh7 24. Re3 Kg6 25. Rc1 Rc7 26. Kg2 Bc8 27. Kg3 Bb7 28. Rce1 Nd7 29. Nf3 Nb6 30. Nd2 Ra8 31. h4 gxh4+ 32. Kxh4 Na4 33. Ba1 Rac8 34. Rc1 Nc5 35. Kg3 Ra8 36. Bb2 Ra4 37. Rce1 Nd7 38. Nf3 Nb6 39. Nd2 Nc4 40. Nxc4 Rcxc4 41. Kf3 e6 42. dxe6 fxe6 43. Bc1 d5 44. exd5 Bxd5+ 45. Ke2 Rxg4 46. Kd2 Bc4 47. Rxe6+ Bxe6 48. Rxe6+ Kf5 49. Rb6 Ra5 50. Kc2 Ke5 51. Kb3 Kd5 52. Bh6 Re4 53. Bf8 Ra8 54. Bb4 Ree8 55. Rxb5+ Kc6 56. Rc5+ Kb7 57. a4 1/2-1/2

[Event "Tambov First league"]
[Site "Tambov"]
[Date "2012.10.18"]
[Round "3"]
[White "Dikov, Alexander I"]
[Black "Shcherbakov, Nikolay"]
[Result "1-0"]
[WhiteElo "1934"]
[BlackElo "1817"]
[PlyCount "119"]
[EventDate "2012.10.17"]
[EventType "tourn"]
[EventRounds "9"]
[EventCountry "RUS"]
[SourceTitle "EXT 2022"]
[Source "ChessBase"]
[SourceDate "2021.10.06"]
[SourceVersion "1"]
[SourceVersionDate "2021.10.06"]
[SourceQuality "1"]

1. e4 c6 2. d4 d5 3. exd5 cxd5 4. c4 Nf6 5. Nc3 g6 6. Nf3 Bg7 7. cxd5 0-0 8. Bc4 a6 9. a4 b6 10. Ne5 Bb7 11. Qb3 Nbd7 12. 0-0 Rc8 13. Be3 Qc7 14. d6 exd6 15. Bxf7+ Kh8 16. Nxd7 Qxd7 17. Be6 Qc6 18. d5 Qc4 19. Qxb6 Rc7 20. Rac1 Nd7 21. Qxd6 Be5 22. Qe7 Bf6 23. Qa3 Rfc8 24. Bxd7 Rxd7 25. Ne4 Be7 26. Rxc4 Rxc4 27. Qd3 Bxd5 28. Bd4+ Kg8 29. Nf6+ Bxf6 30. Bxf6 Rxa4 31. Bc3 Bc6 32. Qg3 Re4 33. h4 Rde7 34. h5 Be8 35. Qg5 R4e6 36. Rd1 Rf7 37. Qg4 Rf5 38. Qd4 Rfe5 39. Qxe5 Rxe5 40. Bxe5 gxh5 41. Rd8 Kf7 42. Rxe8 Kxe8 43. Kh2 Kf7 44. f4 Kg6 45. Kh3 Kh6 46. g4 hxg4+ 47. Kxg4 Kg6 48. f5+ Kh6 49. Kf4 Kh5 50. f6 Kg6 51. Ke4 h5 52. Kd5 Kf7 53. Kd6 h4 54. Kc6 h3 55. Kb6 h2 56. Bxh2 Kxf6 57. Kxa6 Ke6 58. Kb6 Kd7 59. Kb7 Kd8 60. b4 1-0

[Event "Tambov Korensky Memorial 21st"]
[Site "Tambov"]
[Date "2012.08.25"]
[Round "8"]
[White "Lomakina, Galja"]
[Black "Dikov, Alexander I"]
[Result "1-0"]
[WhiteElo "2063"]
[BlackElo "1970"]
[PlyCount "65"]
[EventDate "2012.08.18"]
[EventType "swiss"]
[EventRounds "9"]
[EventCountry "RUS"]
[SourceTitle "CBM 150 Extra"]
[Source "ChessBase"]
[SourceDate "2012.10.19"]
[SourceVersion "1"]
[SourceVersionDate "2012.10.19"]
[SourceQuality "1"]

1. Nf3 Nf6 2. g3 b6 3. Bg2 Bb7 4. 0-0 e6 5. b3 d5 6. Bb2 Nbd7 7. d3 Bc5 8. e3 0-0 9. c4 a5 10. a3 Qe7 11. Nc3 Rac8 12. Re1 Rfd8 13. Qc2 c6 14. d4 Bd6 15. e4 dxe4 16. Nxe4 Bb8 17. Nh4 Nxe4 18. Qxe4 Qg5 19. f4 Qh6 20. f5 Nf6 21. Qf3 Qh5 22. fxe6 Qxf3 23. exf7+ Kxf7 24. Nxf3 h6 25. Bh3 Rc7 26. Ne5+ Kf8 27. a4 g5 28. Rf1 Kg7 29. d5 Rf8 30. Ng4 Bc8 31. Rxf6 Rxf6 32. Bxf6+ Kg6 33. Be5 1-0